000 00625nam a2200241Ia 4500
003 OSt
005 20250628115037.0
008 210423s2011 xx 000 0 und d
020 _a9780415469142
040 _cAL
041 _aeng
082 _a070.1
_223
_bGIDN
100 _aSeth Giddings
_986660
245 _aNew media and technocultures reader
260 _aNew York
_bRoutledge
_c2011
300 _axiv,514
_bPB
365 _b2097
_cINR
650 _aGeneral
_986661
650 _aMass Media
_986662
700 _aLister, Martin
_9216490
906 _amedia ; New ; reader. ; technocultures
942 _2ddc
_cBK
999 _c159554
_d159554